The new quizzer in taxation for CPA reviewers / (Record no. 25694)
[ view plain ]
| 000 -LEADER | |
|---|---|
| fixed length control field | 00523nam a22001817a 4500 |
| 005 - DATE AND TIME OF LATEST TRANSACTION | |
| control field | 20140310183635.0 |
| 008 - FIXED-LENGTH DATA ELEMENTS--GENERAL INFORMATION | |
| fixed length control field | 131126b xxu||||| |||| 00| 0 eng d |
| 050 ## - LIBRARY OF CONGRESS CALL NUMBER | |
| Classification number | HF 5661 |
| Item number | .R457 2010 |
| 100 ## - MAIN ENTRY--PERSONAL NAME | |
| Personal name | Reyes, Virgilio D. |
| 245 ## - TITLE STATEMENT | |
| Title | The new quizzer in taxation for CPA reviewers / |
| Statement of responsibility, etc | Virgilio D. Reyes |
| 260 ## - PUBLICATION, DISTRIBUTION, ETC. (IMPRINT) | |
| Place of publication, distribution, etc | Philippines : |
| Name of publisher, distributor, etc | [], |
| Date of publication, distribution, etc | 2010. |
| 300 ## - PHYSICAL DESCRIPTION | |
| Extent | vii, 315 p. : |
| Dimensions | 26 cm. |
| 521 ## - TARGET AUDIENCE NOTE | |
| Target audience note | |
| 650 ## - SUBJECT ADDED ENTRY--TOPICAL TERM | |
| Topical term or geographic name as entry element | Accounting |
| General subdivision | Examinations |
| 650 ## - SUBJECT ADDED ENTRY--TOPICAL TERM | |
| Topical term or geographic name as entry element | Taxation |
| General subdivision | Examinations |
| 942 ## - ADDED ENTRY ELEMENTS (KOHA) | |
| Source of classification or shelving scheme | Library of Congress Classification |
| Koha item type | Books |
| Call number prefix | Local |
| Withdrawn status | Lost status | Source of classification or shelving scheme | Damaged status | Home library | Current library | Shelving location | Date acquired | Source of acquisition | Total Checkouts | Total Renewals | Full call number | Barcode | Date last seen | Date checked out | Copy number | Price effective from | Koha item type |
|---|---|---|---|---|---|---|---|---|---|---|---|---|---|---|---|---|---|
| Library of Congress Classification | College Library | College Library | Filipiniana Section | 11/26/2013 | Library Fund | 2 | 3 | HF 5661 .R457 2010 | C12587 | 09/21/2023 | 09/11/2023 | 1 | 11/26/2013 | Books |